Subdivision capitals closest to Gjirokastër (AL) - Statistics

General Stats
  • This quiz has been taken 7 times
  • The average score is 10 of 20
Answer Stats
Distance (km) Answer % Correct
12 149 Durrës
100%
4 77 Ioánnina
100%
1 54 Kérkyra
100%
9 141 Tirana
100%
11 146 Bitola
67%
3 71 Berat
33%
7 115 Elbasan
33%
6 87 Fier
33%
5 81 Korçë
33%
10 142 Kozáni
33%
17 223 Kukës
33%
15 201 Lárisa
33%
14 193 Lezhë
33%
8 128 Ohrid
33%
13 180 Peshkopi
33%
19 227 Shkodër
33%
18 226 Tetovo
33%
16 220 Ulcinj
33%
20 229 Veles
33%
2 70 Vlorë
33%
No matching quizzes found
Score Distribution
Percent of People with Each Score
Percentile by Number Answered
Your Score History
You have not taken this quiz